000 00519nam a2200217Ia 4500
003 OSt
005 20230401100839.0
008 210423s2008 xx 000 0 und d
020 _a9788174466136
040 _cAL
041 _aeng
082 _a658.421 LALM
100 _aLALL (Madhurima);SAHAI (Shikha).
_981510
245 _aEntrepreneurship.
250 _a2
260 _aNew Delhi
_bExcel Books
_c2008
300 _axviii,425
_bPB
365 _b325
_cINR
906 _aEntrepreneurship.
942 _2ddc
_cBK
999 _c157806
_d157806